LIBRARY & INFORMATION CENTRE, KCAET, TAVANUR

ONLINE PUBLIC ACCESS CATALOGUE (OPAC)

Modern UGC NET /SLET: Agriculture (Record no. 14755)

MARC details
000 -LEADER
fixed length control field 00328nam a22001337a 4500
020 ## - INTERNATIONAL STANDARD BOOK NUMBER
ISBN 9788126119615
082 ## - DEWEY DECIMAL CLASSIFICATION NUMBER
Classification number 630.76
Item number UGC/AG
100 ## - MAIN ENTRY--AUTHOR NAME
Personal name A Team of Experts
245 ## - TITLE STATEMENT
Title Modern UGC NET /SLET: Agriculture
250 ## - EDITION STATEMENT
Edition statement 1 st
260 ## - PUBLICATION, DISTRIBUTION, ETC. (IMPRINT)
Place of publication New Delhi
Name of publisher Anmol Publications Pvt. Ltd
Year of publication 2004
300 ## - PHYSICAL DESCRIPTION
Number of Pages 513
942 ## - ADDED ENTRY ELEMENTS (KOHA)
Koha item type Book Bank scheme for SC students
Holdings
Withdrawn status Lost status Damaged status Collection code Home library Current library Shelving location Date acquired Source of acquisition Cost, normal purchase price Full call number Accession Number Koha item type
        KAUAET KAUAET Scheme 02/09/2016 Penta Books Distributors, Calicut. 275.00 630.76 UGC/AG BB 117 Book Bank scheme for SC students
        KAUAET KAUAET Scheme 02/09/2016 Penta Books Distributors, Calicut. 275.00 630.76 UGC/AG BB 118 Book Bank scheme for SC students
free website counter